Brawl Cup 2025 - Brawl Stars Esports - Estadísticas

Estadísticas generales
  • Esta prueba ha sido intentada 24 veces
  • La puntuación promedio es 5 de 8
Estadísticas de respuestas
Respuesta % Correcto
Zeta Division
86%
HMBLE
81%
SK Gaming
71%
Tribe Gaming
62%
LOUD
48%
Toxic Lotus
43%
Revenant XSpark
38%
BC* Gaming
29%
No se encontraron pruebas coincidentes
Distribución de puntuación
Porcentaje de gente con cada puntuación
Porcentaje por número respondido
Historial de tus puntuaciones
No has intentado esta prueba.